000
00162nam a2200097Ia 4500
100
_a
#N/A
942
_c
BK
245
_a
NISE 'S
260
_b
#N/A
082
_b
22326
999
_c
24413
_d
24413